Pilot survey of the world seaweed industry and trade

Saved in:
Bibliografiske detaljer
Corporate Authors: International Trade Centre (Author), UNCTAD (Author), GATT (Author)
Format: Bog
Sprog:engelsk
Udgivet: Ginebra International Trade Centre 1981
Fag:
Tags: Tilføj Tag
Ingen Tags, Vær først til at tagge denne postø!

MARC

LEADER 00000nam a2200000 a 4500
001 UCR6664
003 CL-VaPUC
008 980423e19811200SZ |||||||||||||||||eng|d
082 0 4 |a 639.89  |b INT  |2 21 
110 2 |a International Trade Centre  |e author  |9 407635 
710 2 |a UNCTAD  |e author  |9 407636 
710 2 |a GATT  |e author  |9 407637 
245 1 0 |a Pilot survey of the world seaweed industry and trade 
300 |a 111 p 
942 |c BK 
945 |d 19980423 00:00:00  |a crobeson 
260 |a Ginebra  |b International Trade Centre  |c 1981 
650 0 |a Algas marinas  |9 261775 
650 0 |a Algicultura (Cultivo de algas)  |9 407638 
650 7 |a PRODUCTOS DERIVADOS DE ALGAS  |2 CL-VaPUC  |9 407639 
650 0 |a Investigación de mercado  |9 332310 
650 7 |a COMERCIO INTERNACIONAL  |2 CL-VaPUC  |9 407640 
650 0 |a Oferta y demanda  |9 255571 
583 |a last modification  |c 20180306 11:41:33  |k Rodrigo Vera 
999 |c 268612  |d 268610 
952 |0 0  |1 0  |4 0  |6 639_890000000000000_INT_1981  |7 0  |8 A  |9 301827  |a BIBALI  |b BIBALI  |c GEN  |d 2019-11-20  |i 1981161  |o 639.89 INT 1981  |p 1981161  |r 2025-01-20  |w 2019-11-20  |y BK  |k ALI